| 000 | 00419cam a22001337a 4500 | ||
|---|---|---|---|
| 008 | 180718b1906 xxu||||| |||| 00| 0 eng d | ||
| 082 | _aA6x42 P759/1 | ||
| 100 | _aHodgkin, Thomas | ||
| 245 |
_aThe history of England from the earliest times to the Norman conquest _cby Thomas Hodgkin |
||
| 260 |
_aLondon _bLongmans _c1906 |
||
| 300 | _a528p. | ||
| 440 | _aPolitical History of Englans, vol.1 | ||
| 650 | _aU.K. - History | ||
| 999 |
_c368386 _d368386 |
||